[Event "ch-CHN w"]
[Site "Xinghua CHN"]
[Date "2010.05.24"]
[Round "1"]
[White "Ju Wenjun"]
[Black "Gu Xiaobing"]
[Result "1/2-1/2"]
[WhiteElo "2500"]
[BlackElo "2361"]
[EventDate "2010.05.24"]

1. d4 Nf6 2. c4 g6 3. Nc3 Bg7 4. e4 d6 5. Be2 O-O 6. Nf3 e5 7. O-O Na6 8.
Be3 c6 9. Re1 Ng4 10. Bg5 f6 11. Bc1 exd4 12. Nxd4 f5 13. Bxg4 fxg4 14. Be3
Nc5 15. Qd2 Re8 16. Bg5 Qb6 17. Rad1 Qb4 18. Bf4 Be5 19. Bxe5 dxe5 20. Nf5
gxf5 21. Qg5+ Kh8 22. Qf6+ Kg8 23. Qg5+ Kh8 24. Qf6+ Kg8 25. Qg5+ Kh8
1/2-1/2

[Event "ch-CHN w"]
[Site "Xinghua CHN"]
[Date "2010.05.24"]
[Round "1"]
[White "Zhang Jilin"]
[Black "Tan Zhongyi"]
[Result "0-1"]
[WhiteElo "2280"]
[BlackElo "2464"]
[EventDate "2010.05.24"]

1. e4 d6 2. d4 Nf6 3. Nc3 g6 4. Be3 c6 5. Qd2 b5 6. Bd3 Nbd7 7. Nf3 Bg7 8.
h3 O-O 9. O-O Qc7 10. Ne2 e5 11. dxe5 dxe5 12. a4 Bb7 13. Ng3 Rfd8 14. Qe2
b4 15. Rfc1 Nf8 16. c3 bxc3 17. Rxc3 Ne6 18. Rac1 Nd4 19. Bxd4 exd4 20.
R3c2 Nd7 21. Nf1 Qa5 22. b4 Qxb4 23. N1d2 Nb6 24. Nc4 Nxa4 25. e5 Nc3 26.
Qf1 Ba6 27. Nxd4 Bxc4 28. Bxc4 Rxd4 29. Rxc3 Bxe5 30. Rb3 Qe7 31. Qe2 Re4
32. Rb7 Rxe2 0-1

[Event "ch-CHN w"]
[Site "Xinghua CHN"]
[Date "2010.05.24"]
[Round "1"]
[White "Wang Jue"]
[Black "Wang Doudou"]
[Result "0-1"]
[WhiteElo "2180"]
[BlackElo "2216"]
[EventDate "2010.05.24"]

1. e4 e5 2. Nf3 Nc6 3. Nc3 Nf6 4. Bb5 a6 5. Bxc6 dxc6 6. Nxe5 Nxe4 7. Nxe4
Qd4 8. O-O Qxe5 9. Re1 Be6 10. d4 Qd5 11. Ng5 O-O-O 12. Nxe6 fxe6 13. Qg4
Qxd4 14. Qxe6+ Qd7 15. Bg5 Qxe6 16. Rxe6 Rd5 17. Re8+ Kd7 18. Rd8+ Ke6 19.
Re1+ Kf5 20. Rxd5+ cxd5 21. Be7 Kg6 22. Re5 c6 23. g4 Kf7 24. Bxf8 Rxf8 25.
f4 Re8 26. Rf5+ Kg8 27. Kf2 Re6 28. Rh5 g6 29. Rh3 Re4 30. Rf3 Kf7 31. Kg3
a5 32. Rf2 a4 33. h4 h5 34. gxh5 gxh5 35. Kf3 Re1 36. Rg2 Rh1 37. Kg3 Rb1
38. c3 a3 39. bxa3 Rc1 40. f5 Rxc3+ 41. Kf4 Rxa3 42. Kg5 d4 43. Kxh5 Kf6
44. Kg4 d3 45. h5 Ra4+ 46. Kf3 Rh4 47. Ke3 Rh3+ 48. Kf4 c5 49. Rg6+ Kf7 50.
Rb6 c4 51. Rxb7+ Ke8 52. Ke4 d2 53. Rb8+ Kd7 54. Rb1 c3 55. Rd1 Ke7 56. Ke5
c2 57. f6+ Kf7 58. Rxd2 c1=Q 59. Rd7+ Ke8 60. f7+ Kf8 61. Ke6 Qc6+ 62. Rd6
Re3+ 63. Kf5 Qxd6 0-1

[Event "ch-CHN w"]
[Site "Xinghua CHN"]
[Date "2010.05.24"]
[Round "1"]
[White "Wang Yu A"]
[Black "Huang Qian"]
[Result "1/2-1/2"]
[WhiteElo "2337"]
[BlackElo "2437"]
[EventDate "2010.05.24"]

1. e4 c5 2. Nf3 d6 3. d4 cxd4 4. Qxd4 Bd7 5. c4 Nc6 6. Qd2 Nf6 7. Nc3 g6 8.
Be2 Bg7 9. O-O O-O 10. Rb1 Qa5 11. b3 Rfc8 12. Bb2 Bg4 13. Rfd1 Nd7 14. h3
Bxf3 15. Bxf3 Nc5 16. Ba1 Ne6 17. Bg4 Rf8 18. Bxe6 fxe6 19. Nb5 Qxd2 20.
Rxd2 Rac8 21. Bxg7 Kxg7 22. Rbd1 a6 23. Nd4 Nxd4 24. Rxd4 Rc5 25. f3 Rfc8
26. Kf2 b5 27. cxb5 axb5 28. Ke3 Kf7 29. R1d2 Rc3+ 30. R4d3 R3c5 31. Rd4
1/2-1/2

[Event "ch-CHN w"]
[Site "Xinghua CHN"]
[Date "2010.05.24"]
[Round "1"]
[White "Ding Yixin"]
[Black "Zhang Xiaowen"]
[Result "1-0"]
[WhiteElo "2327"]
[BlackElo "2426"]
[EventDate "2010.05.24"]

1. e4 e6 2. d4 d5 3. Nc3 Nf6 4. Bg5 Be7 5. e5 Nfd7 6. Bxe7 Qxe7 7. f4 a6 8.
Nf3 c5 9. dxc5 Nc6 10. Bd3 Qxc5 11. Qd2 b5 12. O-O-O Nb6 13. Rhe1 b4 14.
Ne2 a5 15. Kb1 a4 16. Ned4 Nxd4 17. Nxd4 O-O 18. Re3 g6 19. Bf1 Ba6 20. f5
b3 21. Rc3 bxa2+ 22. Ka1 Qb4 23. Nc6 Qg4 24. Rg3 Qe4 25. Qh6 Qxc2 26. Ne7+
1-0

[Event "ch-CHN w"]
[Site "Xinghua CHN"]
[Date "2010.05.25"]
[Round "2"]
[White "Gu Xiaobing"]
[Black "Zhang Xiaowen"]
[Result "1-0"]
[WhiteElo "2361"]
[BlackElo "2426"]
[EventDate "2010.05.24"]

1. e4 e6 2. d4 d5 3. Nd2 c5 4. exd5 Qxd5 5. Ngf3 cxd4 6. Bc4 Qd6 7. O-O Nf6
8. Nb3 Nc6 9. Nbxd4 Nxd4 10. Nxd4 Be7 11. c3 O-O 12. Qe2 Bd7 13. Re1 Rfe8
14. h3 a6 15. Bg5 Rac8 16. Bb3 Rc5 17. Nf3 Qc7 18. Rad1 Bb5 19. Qe3 Bc4 20.
Bc2 Bxa2 21. Ne5 Nd5 22. Qe4 f5 23. Qh4 Bxg5 24. Qxg5 Nf6 25. Nd3 Rd5 26.
Ra1 Bc4 27. Nf4 Rdd8 28. Re3 h6 29. Qh4 Nd5 30. Nxe6 Qb6 31. Nxd8 Nxe3 32.
fxe3 Bd5 33. Rd1 Rxd8 34. c4 g5 35. Qd4 1-0

[Event "ch-CHN w"]
[Site "Xinghua CHN"]
[Date "2010.05.25"]
[Round "2"]
[White "Wang Doudou"]
[Black "Wang Yu A"]
[Result "1/2-1/2"]
[WhiteElo "2216"]
[BlackElo "2337"]
[EventDate "2010.05.24"]

1. d4 Nf6 2. c4 e6 3. Nc3 c5 4. d5 exd5 5. cxd5 d6 6. e4 g6 7. f4 Bg7 8.
Bb5+ Nfd7 9. a4 O-O 10. Nf3 Na6 11. O-O Nb4 12. Kh1 Nf6 13. e5 Ng4 14. h3
Nh6 15. g4 Nxg4 16. hxg4 Bxg4 17. Be2 dxe5 18. Kg2 e4 19. Nxe4 Nxd5 20. Ne5
Bxe2 21. Qxe2 Re8 22. Qf3 Qe7 23. Ng5 Nxf4+ 24. Bxf4 Bxe5 25. Rae1 Qf6 26.
Nxh7 Kxh7 27. Rh1+ Kg7 28. Bxe5 Rxe5 29. Rh7+ Kxh7 30. Qxf6 Rxe1 31. Qh4+
Kg8 32. Qxe1 Rd8 33. Qe5 b6 34. Kf3 Rd4 35. Qb8+ Kg7 36. Qxa7 Rb4 37. a5
bxa5 38. Qxc5 Kg8 39. Qe5 a4 40. Ke2 Rb3 41. Kd1 a3 42. Qe8+ Kg7 43. Qe5+
Kg8 44. bxa3 Rxa3 45. Qe8+ Kg7 46. Qe5+ Kg8 47. Qb8+ Kh7 48. Qh2+ Kg8 49.
Qb8+ Kh7 50. Qb7 Kg8 51. Qb8+ 1/2-1/2

[Event "ch-CHN w"]
[Site "Xinghua CHN"]
[Date "2010.05.25"]
[Round "2"]
[White "Zhao Xue"]
[Black "Wang Jue"]
[Result "0-1"]
[WhiteElo "2493"]
[BlackElo "2180"]
[EventDate "2010.05.24"]

1. d4 Nf6 2. c4 g6 3. Nc3 Bg7 4. e4 O-O 5. Nf3 d6 6. Be2 e5 7. Be3 c6 8. d5
Ng4 9. Bg5 f6 10. Bh4 c5 11. Nd2 Nh6 12. f3 Nf7 13. Rb1 Bh6 14. Bd3 Bg5 15.
Bf2 h5 16. b4 Na6 17. a3 b6 18. Bc2 Nc7 19. Ba4 Ba6 20. Bc6 Rb8 21. Nb5 f5
22. Nxa7 Bxd2+ 23. Qxd2 fxe4 24. Qc2 Qg5 25. Qxe4 Nh8 26. b5 Bb7 27. O-O
Ra8 28. Be3 Qf5 29. Bxb7 Rxa7 30. Bc6 Ra4 31. Rfc1 Nf7 32. Rc3 Kg7 33. Rd1
Ne8 34. Qxf5 gxf5 35. Bc1 Nf6 36. Kf2 Kg6 37. Ke2 f4 38. Rg1 Kf5 39. Kd1 h4
40. Kc2 Rg8 41. Kb3 Ra7 42. Rc2 Ng5 43. Rf1 h3 44. g3 Nf7 45. g4+ Nxg4 46.
fxg4+ Rxg4 47. Be8 Ng5 48. a4 Rg2 49. Rff2 Rg1 50. Ka3 Ne4 51. Rf3 Kg4 52.
Rd3 Rg2 53. Kb3 f3 54. Re3 Nf6 55. Bg6 f2 56. Rxf2 Rg7 57. Rg3+ Rxg3+ 58.
hxg3 Rxg6 59. a5 Kxg3 60. Rf1 Kg2 61. Rd1 h2 62. axb6 h1=Q 63. Rxh1 Kxh1
64. b7 Rg8 65. Bg5 Ne4 66. Bh6 Rb8 67. Ka4 Rxb7 68. Ka5 Rh7 69. Bf8 Nd2 70.
b6 Nxc4+ 71. Kb5 Rb7 0-1

[Event "ch-CHN w"]
[Site "Xinghua CHN"]
[Date "2010.05.25"]
[Round "2"]
[White "Ju Wenjun"]
[Black "Zhang Jilin"]
[Result "1-0"]
[WhiteElo "2500"]
[BlackElo "2280"]
[EventDate "2010.05.24"]

1. d4 d6 2. Nf3 Bg4 3. e4 Nd7 4. h3 Bh5 5. Be2 e5 6. dxe5 dxe5 7. Nxe5 Bb4+
8. c3 Nxe5 9. Qxd8+ Rxd8 10. cxb4 Bxe2 11. Kxe2 Rd4 12. Nc3 Rxb4 13. b3 Rd4
14. Bf4 f6 15. Rhd1 Rxd1 16. Rxd1 c6 17. Be3 b6 18. a4 Ne7 19. a5 Nc8 20.
f4 Nd7 21. b4 Ke7 22. b5 cxb5 23. Nd5+ Kf7 24. Nc7 Ke7 25. Nxb5 bxa5 26.
Ra1 a6 27. Nc3 Nd6 28. Rxa5 Ra8 29. Nd5+ Kd8 30. Ra4 Nb5 31. Kd3 Kc8 32. g4
Kb7 33. h4 g5 34. hxg5 fxg5 35. fxg5 Ne5+ 36. Ke2 Nxg4 37. Bf4 h6 38. gxh6
Rh8 39. Ra1 Nxh6 40. Rg1 Rg8 41. Rh1 Ng4 42. Rh7+ 1-0

[Event "ch-CHN w"]
[Site "Xinghua CHN"]
[Date "2010.05.26"]
[Round "3"]
[White "Zhang Jilin"]
[Black "Gu Xiaobing"]
[Result "1/2-1/2"]
[WhiteElo "2280"]
[BlackElo "2361"]
[EventDate "2010.05.24"]

1. e4 c5 2. Nf3 d6 3. d4 cxd4 4. Nxd4 Nf6 5. Nc3 a6 6. g3 e6 7. Bg2 Be7 8.
O-O O-O 9. a4 Qc7 10. a5 Nc6 11. Nxc6 bxc6 12. Be3 Nd7 13. Na4 c5 14. Qd2
Bb7 15. Rfd1 Rad8 16. c4 Ne5 17. Nb6 Nc6 18. Rab1 Rb8 19. Qe1 Bf6 20. Bd2
Bd4 21. Bc3 Bxc3 22. Qxc3 Nxa5 23. b4 Nc6 24. bxc5 dxc5 25. Rd7 Qe5 26.
Qxe5 Nxe5 27. Rd6 Ba8 28. Ra1 Rfd8 29. Rxd8+ Rxd8 30. f4 Ng4 31. Bf3 h5 32.
Rxa6 Bc6 33. Na4 Bxa4 34. Rxa4 Rd4 35. e5 g6 36. Bxg4 hxg4 37. h3 gxh3 38.
Kh2 g5 39. fxg5 Kg7 40. Kxh3 Kg6 41. Ra7 Rxc4 42. Rc7 Rc1 43. Kg4 c4 44.
Rc8 c3 45. Rg8+ Kh7 46. Rc8 Kg7 47. Rc7 Kf8 48. g6 fxg6 49. Kg5 c2 50. Kxg6
Re1 51. Rxc2 Rxe5 52. Kf6 Rf5+ 53. Kxe6 Rf3 54. g4 Kg7 55. Ke5 Kg6 56. Ke4
Rf1 57. Rc8 Re1+ 58. Kf3 Rf1+ 1/2-1/2

[Event "ch-CHN w"]
[Site "Xinghua CHN"]
[Date "2010.05.26"]
[Round "3"]
[White "Wang Jue"]
[Black "Tan Zhongyi"]
[Result "0-1"]
[WhiteElo "2180"]
[BlackElo "2464"]
[EventDate "2010.05.24"]

1. e4 g6 2. d4 Bg7 3. Nc3 d6 4. Bg5 c5 5. dxc5 Qa5 6. Bd2 Qxc5 7. Nd5 Be6
8. Bb5+ Kf8 9. c4 Bxd5 10. exd5 Nf6 11. Qe2 Nbd7 12. Nf3 Nb6 13. O-O a6 14.
Be3 Qc7 15. Bxb6 Qxb6 16. Ba4 Ng4 17. Kh1 Bf6 18. h3 Ne5 19. Nh2 Qc7 20.
Rac1 Rc8 21. Bd1 b5 22. b3 bxc4 23. bxc4 Kg7 24. f4 Nd7 25. Ba4 Rb8 26. Ng4
Nc5 27. Bc6 Rb2 28. Rc2 Rxc2 29. Qxc2 Rb8 30. Qd2 Qb6 31. Qe3 Qb2 32. f5 g5
33. Re1 Qxa2 34. Nxf6 exf6 35. Be8 Rb1 36. Rxb1 Qxb1+ 37. Kh2 Qxf5 38. Qg3
Qe5 39. Bc6 a5 40. h4 a4 41. Bxa4 Nxa4 42. hxg5 Qxg3+ 43. Kxg3 fxg5 44. Kf3
f5 45. g4 Kf6 0-1

[Event "ch-CHN w"]
[Site "Xinghua CHN"]
[Date "2010.05.26"]
[Round "3"]
[White "Ding Yixin"]
[Black "Wang Doudou"]
[Result "1-0"]
[WhiteElo "2327"]
[BlackElo "2216"]
[EventDate "2010.05.24"]

1. e4 e5 2. Nf3 Nc6 3. Bb5 a6 4. Ba4 Nf6 5. O-O b5 6. Bb3 Bc5 7. a4 Rb8 8.
c3 d6 9. d4 Bb6 10. axb5 axb5 11. Na3 O-O 12. Re1 Bg4 13. Nxb5 exd4 14.
Nbxd4 Bxd4 15. cxd4 Nxd4 16. Bxf7+ Rxf7 17. Qxd4 Bxf3 18. gxf3 Nh5 19. Qd5
Nf6 20. Qc4 Nd7 21. f4 Qh4 22. Ra3 Ne5 23. Qc3 Rf6 24. fxe5 Rg6+ 25. Kf1
Qxh2 26. Ke2 Rf8 27. Rf1 Qg2 28. Qb3+ Kh8 29. Qf3 Qxf3+ 30. Rxf3 Rxf3 31.
Kxf3 dxe5 32. Rd1 h5 33. Rd8+ Kh7 34. Re8 Rg1 35. Be3 g5 36. Rxe5 Kg6 37.
Rxg5+ 1-0

[Event "ch-CHN w"]
[Site "Xinghua CHN"]
[Date "2010.05.26"]
[Round "3"]
[White "Zhang Xiaowen"]
[Black "Huang Qian"]
[Result "0-1"]
[WhiteElo "2426"]
[BlackElo "2437"]
[EventDate "2010.05.24"]

1. e4 c5 2. Nf3 d6 3. d4 cxd4 4. Nxd4 Nf6 5. Nc3 a6 6. a4 Qc7 7. Be3 e5 8.
Nf3 Be7 9. Be2 O-O 10. O-O h6 11. a5 Be6 12. Nd5 Nxd5 13. exd5 Bg4 14. Ra4
Bxf3 15. Bxf3 Nd7 16. Be2 f5 17. f3 Bg5 18. Bf2 Rae8 19. Kh1 e4 20. f4 Bxf4
21. Rc4 Qb8 22. Rb4 Bg5 23. Bxa6 e3 24. Bg1 Nc5 25. Be2 Qd8 26. Rb5 Qc7 27.
Qe1 Ne4 28. Bd3 e2 29. Bxe2 Nd2 30. Rf2 Be3 31. Bh5 Bxf2 32. Qxf2 Ne4 33.
Qb6 Qxc2 34. Bxe8 Rxe8 35. Qd4 Re7 36. Rb4 Qe2 37. Rc4 f4 38. h3 f3 0-1

[Event "ch-CHN w"]
[Site "Xinghua CHN"]
[Date "2010.05.27"]
[Round "4"]
[White "Gu Xiaobing"]
[Black "Huang Qian"]
[Result "1/2-1/2"]
[WhiteElo "2361"]
[BlackElo "2437"]
[EventDate "2010.05.24"]

1. e4 e6 2. d4 d5 3. Nd2 c5 4. exd5 Qxd5 5. Ngf3 cxd4 6. Bc4 Qd6 7. O-O Nf6
8. Nb3 Nc6 9. Nbxd4 Nxd4 10. Nxd4 a6 11. Re1 Qc7 12. Qe2 Bd6 13. h3 O-O 14.
Bg5 Bh2+ 15. Kh1 Bf4 16. Bxf6 gxf6 17. Bd3 Rd8 18. Qg4+ Kf8 19. Ne2 Be5 20.
Qh4 b5 21. Qxh7 Bb7 22. Be4 Ke7 23. Bg6 Rf8 24. Rad1 Rad8 25. c3 Qb6 26.
Rxd8 Qxd8 27. Nc1 Qd2 28. Nd3 Bc7 29. Be4 Bxe4 30. Qxe4 Rd8 31. Nb4 Qxf2
32. Nc6+ Kf8 33. Nxd8 Qg3 34. Kg1 Bb6+ 35. Kh1 Bc7 1/2-1/2

[Event "ch-CHN w"]
[Site "Xinghua CHN"]
[Date "2010.05.27"]
[Round "4"]
[White "Wang Doudou"]
[Black "Zhang Xiaowen"]
[Result "0-1"]
[WhiteElo "2216"]
[BlackElo "2426"]
[EventDate "2010.05.24"]

1. d4 Nf6 2. c4 g6 3. Nc3 Bg7 4. e4 d6 5. f3 O-O 6. Be3 Nc6 7. Qd2 a5 8.
Nge2 Nd7 9. h4 Nb6 10. Nc1 a4 11. h5 Na5 12. hxg6 fxg6 13. Bh6 Naxc4 14.
Qf2 Bxh6 15. Rxh6 e5 16. Qg3 Kg7 17. Qh4 Qxh4+ 18. Rxh4 Ne3 19. Rb1 Nc2+
20. Kd2 Nxd4 21. Rh1 Be6 22. Bd3 c6 23. a3 Nc4+ 24. Bxc4 Bxc4 25. N1e2 Nb3+
26. Kc2 d5 27. Ng3 d4 28. Nd1 c5 29. Nf2 b5 30. Ng4 Rfe8 31. Rh6 d3+ 32.
Kc3 Rad8 33. Rbh1 Bg8 34. Ne3 d2 35. Ngf5+ gxf5 36. Nxf5+ Kh8 37. Nd6 Re7
0-1

[Event "ch-CHN w"]
[Site "Xinghua CHN"]
[Date "2010.05.27"]
[Round "4"]
[White "Zhao Xue"]
[Black "Ding Yixin"]
[Result "1-0"]
[WhiteElo "2493"]
[BlackElo "2327"]
[EventDate "2010.05.24"]

1. d4 d5 2. c4 e6 3. Nf3 Nf6 4. g3 Bb4+ 5. Nbd2 c5 6. Bg2 dxc4 7. dxc5 O-O
8. O-O Nc6 9. Nxc4 Bxc5 10. Nfe5 Nxe5 11. Nxe5 Qe7 12. Qc2 Bd4 13. Bf4 Nh5
14. Rfd1 Nxf4 15. gxf4 Qc5 16. Qxc5 Bxc5 17. Rac1 Bb6 18. Nc4 Bd8 19. Rd3
Rb8 20. Bf3 Bf6 21. Ne5 Bd8 22. Kg2 f6 23. Nc4 b6 24. Nd6 Ba6 25. Re3 Be7
26. Rxe6 Bxd6 27. Rxd6 Rfd8 28. Rcd1 Rxd6 29. Rxd6 Bb5 30. Rd5 Bc6 31. Rd2
Bxf3+ 32. Kxf3 Rb7 33. e4 Kf7 34. Rc2 g6 35. Ke3 Rd7 36. b4 f5 37. f3 Ke7
38. h4 Kf7 39. h5 Kg7 40. hxg6 hxg6 41. b5 Kf7 42. a4 Rb7 43. exf5 gxf5 44.
Kd4 Re7 45. Kd5 Kg6 46. Rc6+ Kh5 47. Rf6 Re3 48. Rxf5+ Kg6 49. Re5 Ra3 50.
Re4 Kf5 51. Kc6 Rxf3 52. Re7 Rc3+ 53. Kb7 Ra3 54. Kxa7 1-0

[Event "ch-CHN w"]
[Site "Xinghua CHN"]
[Date "2010.05.27"]
[Round "4"]
[White "Tan Zhongyi"]
[Black "Wang Yu A"]
[Result "0-1"]
[WhiteElo "2464"]
[BlackElo "2337"]
[EventDate "2010.05.24"]

1. d4 d5 2. c4 c6 3. Nf3 Nf6 4. Nc3 e6 5. Bg5 h6 6. Bh4 dxc4 7. e4 g5 8.
Bg3 b5 9. Be2 Bb7 10. O-O b4 11. Na4 Nxe4 12. Be5 Rg8 13. Qc2 c5 14. Rfd1
g4 15. dxc5 Nd7 16. Nd2 Nxf2 17. Kxf2 Nxe5 18. Nxc4 Qh4+ 19. Kg1 Nf3+ 20.
Bxf3 gxf3 21. c6 Rxg2+ 22. Qxg2 fxg2 23. cxb7 Rb8 24. Na5 Bg7 25. Nc6 Rxb7
26. Rd8+ Qxd8 27. Nxd8 Kxd8 28. Kxg2 Rd7 29. Kf3 Rd2 30. Ke3 Rxh2 31. Rd1+
Ke8 32. Rc1 Bxb2 33. Rc8+ Kd7 34. Ra8 Bc1+ 35. Kd3 Rxa2 36. Rxa7+ Ke8 37.
Kc4 Bd2 38. Kd4 b3 39. Ke5 b2 40. Ra8+ Ke7 41. Ra7+ Kf8 42. Kd4 0-1

[Event "ch-CHN w"]
[Site "Xinghua CHN"]
[Date "2010.05.27"]
[Round "4"]
[White "Ju Wenjun"]
[Black "Wang Jue"]
[Result "1-0"]
[WhiteElo "2500"]
[BlackElo "2180"]
[EventDate "2010.05.24"]

1. d4 Nf6 2. c4 g6 3. g3 Bg7 4. Bg2 d6 5. Nf3 O-O 6. O-O c6 7. Nc3 Bf5 8.
Nh4 Be6 9. d5 Bd7 10. Nf3 Na6 11. Be3 Qa5 12. a3 Rfc8 13. b4 Qd8 14. Rc1
cxd5 15. cxd5 Qe8 16. h3 Rc7 17. Qb3 Nh5 18. Nd4 Rac8 19. Qb2 Rc4 20. Ne4
Rxc1 21. Rxc1 Nc7 22. g4 Nf6 23. Nxf6+ Bxf6 24. Qd2 Nb5 25. Rxc8 Qxc8 26.
Nxb5 Bxb5 27. Bxa7 Qc3 28. Qxc3 Bxc3 29. e3 Bb2 30. Bd4 Bxa3 31. Bc3 Bc4
32. Be4 f6 33. f4 Bc1 34. Kf2 Kf7 35. h4 h6 36. Kf3 Bb3 37. Ke2 Bc4+ 38.
Kf2 Bb3 39. g5 fxg5 40. fxg5 hxg5 41. hxg5 Bc4 42. Kf3 Bb3 43. Kf4 Bc4 44.
Bg2 Bd3 45. Bh3 Ke8 46. Bc8 b6 47. Kf3 Bc4 48. Ke4 Bf1 49. Be6 Ba3 50. Bg4
Bb5 51. Kd4 Bc1 52. Ke4 Kf7 53. Bc8 Ke8 54. Be6 Ba3 55. Bg4 Bc1 56. Kd4 Kf7
57. Bd1 Ba3 58. Bc2 Bc1 59. Bd3 Bd7 60. Be2 Bh3 61. Bc4 Bg2 62. Bd3 Bf3 63.
Bf1 Bh1 64. Bh3 Bf3 65. Be6+ Ke8 66. Kd3 Bd1 67. Bd4 b5 68. Kc3 Ba3 69. Kd2
Bb3 70. Bc3 Bc4 71. Kc2 Ba2 72. Bd2 Bc4 73. Bg8 Kf8 74. Be6 Ke8 75. Kc3 Ba2
76. e4 Bc4 77. Bg4 Kd8 78. Bd1 e6 79. dxe6 Bxe6 80. Bb3 Bg4 81. Bf7 Bd1 82.
Bxg6 Ke7 83. Bf5 Kf7 84. Be3 Kg8 85. g6 Bh5 86. Kb3 Bxb4 87. Kxb4 Kg7 88.
Bd4+ Kh6 89. g7 Bf7 90. Kxb5 Be8+ 91. Kb6 Bf7 92. Kc7 d5 93. exd5 Bxd5 94.
Kd6 Bg8 95. Be6 Bh7 96. Ke7 Kg6 97. Kf8 Kg5 98. Bc4 Kf4 99. Bd3 Bxd3 100.
g8=Q Bf5 101. Ke7 Ke4 1-0

[Event "ch-CHN w"]
[Site "Xinghua CHN"]
[Date "2010.05.28"]
[Round "5"]
[White "Wang Yu A"]
[Black "Ju Wenjun"]
[Result "1/2-1/2"]
[WhiteElo "2337"]
[BlackElo "2500"]
[EventDate "2010.05.24"]

1. e4 c5 2. Nf3 d6 3. d4 cxd4 4. Qxd4 a6 5. c4 Nc6 6. Qe3 Bg4 7. Be2 Nf6 8.
O-O e6 9. Nc3 Be7 10. b3 O-O 11. Bb2 Qa5 12. Rfd1 Rab8 13. h3 Bh5 14. Nd4
Nxd4 15. Qxd4 Bxe2 16. Nxe2 Rfd8 17. Ng3 Qg5 18. Qd2 Qc5 19. Qe2 Rbc8 20.
Rac1 h6 21. Bd4 Qc6 22. Bb2 Qc5 23. Bd4 Qc6 24. Bb2 Qc5 25. Bd4 1/2-1/2

[Event "ch-CHN w"]
[Site "Xinghua CHN"]
[Date "2010.05.28"]
[Round "5"]
[White "Ding Yixin"]
[Black "Tan Zhongyi"]
[Result "1-0"]
[WhiteElo "2327"]
[BlackElo "2464"]
[EventDate "2010.05.24"]

1. e4 d6 2. d4 Nf6 3. Nc3 g6 4. Nf3 Bg7 5. h3 O-O 6. Be3 c6 7. Qd2 b5 8.
Bd3 Nbd7 9. O-O Qc7 10. a4 b4 11. Ne2 a5 12. c3 bxc3 13. bxc3 Ba6 14. Ng3
Rfb8 15. Bxa6 Rxa6 16. Bh6 Rb3 17. Rfc1 Bxh6 18. Qxh6 Rb2 19. Re1 Qb6 20.
Re3 Rxf2 21. Kxf2 Qb2+ 22. Ne2 Qxa1 23. e5 dxe5 24. dxe5 Qxa4 25. exf6 Nxf6
26. Rxe7 Ne4+ 27. Ke3 Nd6 28. g4 Qa3 29. Kf2 Qc5+ 30. Kg2 Rb6 31. Re5 Qc4
32. Ng5 f6 33. Qxh7+ Kf8 34. Qh8+ 1-0

[Event "ch-CHN w"]
[Site "Xinghua CHN"]
[Date "2010.05.28"]
[Round "5"]
[White "Zhang Xiaowen"]
[Black "Zhao Xue"]
[Result "1-0"]
[WhiteElo "2426"]
[BlackElo "2493"]
[EventDate "2010.05.24"]

1. e4 e5 2. Nf3 Nc6 3. Bb5 a6 4. Ba4 Nf6 5. O-O Be7 6. Bxc6 dxc6 7. Qe1 Nd7
8. b3 O-O 9. Bb2 Bd6 10. d3 Re8 11. Nbd2 Nf8 12. Nc4 Ng6 13. Kh1 Bg4 14.
Ng1 Be6 15. Qc3 f6 16. Rad1 Qe7 17. Qd2 Bc5 18. Ne3 b5 19. Ne2 Nf4 20. Nf5
Bxf5 21. exf5 Bd6 22. Ng3 Qd7 23. Qe3 a5 24. Qf3 b4 25. d4 Nd5 26. dxe5
Bxe5 27. Bxe5 Rxe5 28. c4 bxc3 29. Qxc3 a4 30. Qc4 axb3 31. axb3 Rb8 32. h3
Qe8 33. Ra1 Rb4 34. Qc2 h5 35. Rfd1 Kh7 36. Ra4 h4 37. Nf1 Rxa4 38. bxa4
Qh5 39. Rd4 Re1 40. Kg1 Ne7 41. Re4 Qxf5 42. Rxh4+ Kg8 43. Qxf5 Nxf5 44.
Rc4 Ra1 45. g3 Ne7 46. Kg2 Nd5 47. Ne3 Ne7 48. Kf3 Kf7 49. Ke4 Ke6 50. g4
Rh1 51. f4 Rxh3 52. a5 Rh8 53. Kd4 Kd6 54. Rc5 Kd7 55. a6 Kc8 56. Ra5 Kb8
57. Kc5 Ka7 58. Ra4 Rd8 59. Nc2 Rd5+ 60. Kc4 Nc8 61. Kc3 Nb6 62. Ra1 c5 63.
Ra5 Rd7 64. f5 Re7 65. Kd3 Re5 66. Ra1 Rd5+ 67. Kc3 Rd6 68. Na3 c6 69. Nc4
Rd7 70. Na5 Kxa6 71. Nb3+ Kb7 72. Nxc5+ Kc7 73. Nxd7 Nxd7 74. Rh1 Kd6 75.
Rh7 Ke5 76. Rxg7 Nc5 77. Kc4 Ne4 78. Rg6 Kf4 79. Kd4 Nf2 80. g5 c5+ 81. Kd5
c4 82. Kxc4 Ng4 83. gxf6 Ne5+ 84. Kd5 Kxf5 85. Rg5+ 1-0

[Event "ch-CHN w"]
[Site "Xinghua CHN"]
[Date "2010.05.28"]
[Round "5"]
[White "Huang Qian"]
[Black "Wang Doudou"]
[Result "1-0"]
[WhiteElo "2437"]
[BlackElo "2216"]
[EventDate "2010.05.24"]

1. d4 Nf6 2. c4 g6 3. Nc3 Bg7 4. g3 d5 5. Bg2 c6 6. Nf3 O-O 7. O-O Ne4 8.
Qb3 Nxc3 9. bxc3 b6 10. Ne5 Bb7 11. e4 dxe4 12. Bxe4 Qc8 13. Bf4 Nd7 14.
Nxd7 Qxd7 15. Rfd1 Qc8 16. Rab1 c5 17. Bxb7 Qxb7 18. dxc5 Qc6 19. Be3 Rfc8
20. cxb6 axb6 21. Bxb6 Qxc4 22. Rd8+ 1-0

[Event "ch-CHN w"]
[Site "Xinghua CHN"]
[Date "2010.05.29"]
[Round "6"]
[White "Gu Xiaobing"]
[Black "Wang Doudou"]
[Result "0-1"]
[WhiteElo "2361"]
[BlackElo "2216"]
[EventDate "2010.05.24"]

1. e4 e5 2. Bc4 Nf6 3. d3 c6 4. Nf3 d5 5. exd5 cxd5 6. Bb3 Nc6 7. O-O Be7
8. Re1 Bg4 9. h3 Bh5 10. Nbd2 O-O 11. g4 Bg6 12. Nxe5 Nxe5 13. Rxe5 Bd6 14.
Re1 h5 15. g5 Nh7 16. Nf3 Qd7 17. Ne5 Bxe5 18. Rxe5 Qxh3 19. Bxd5 Rae8 20.
Qe2 Rxe5 21. Qxe5 Qg4+ 22. Kh2 Kh8 23. Be3 f6 24. Qg3 Qd7 25. Bg2 fxg5 26.
Bxg5 Nxg5 27. Qxg5 Kh7 28. Qg3 Qd4 29. Rf1 Qxb2 30. Qc7 Rf7 31. Qc4 b5 32.
Qc5 Qf6 33. Kg1 Qf4 34. Re1 h4 35. Qe3 Qxe3 36. fxe3 Rc7 37. Re2 Bh5 38.
Be4+ Kh6 39. Rf2 b4 40. Kh2 Rf7 41. Rd2 Rf1 42. d4 Rd1 43. Rf2 Re1 44. Bd3
Rxe3 45. Rf8 Be2 46. Bf5 Bc4 47. Rd8 Kg5 48. Bc8 Re2+ 49. Kg1 Kf4 50. Rd6
g5 51. Rg6 Rxc2 52. Bb7 Rd2 53. Rf6+ Kg3 54. Rf3+ Kg4 55. a3 b3 56. Rc3 b2
57. Be4 Bd3 0-1

[Event "ch-CHN w"]
[Site "Xinghua CHN"]
[Date "2010.05.29"]
[Round "6"]
[White "Zhao Xue"]
[Black "Huang Qian"]
[Result "0-1"]
[WhiteElo "2493"]
[BlackElo "2437"]
[EventDate "2010.05.24"]

1. d4 Nf6 2. c4 g6 3. Nc3 Bg7 4. e4 d6 5. Be2 O-O 6. Nf3 e5 7. O-O Nc6 8.
d5 Ne7 9. Nd2 a5 10. a3 Bd7 11. b3 c6 12. Ra2 c5 13. Bb2 Nc8 14. b4 axb4
15. axb4 Rxa2 16. Nxa2 b6 17. Bc3 Ne8 18. Qc2 f5 19. Rb1 Nf6 20. bxc5 bxc5
21. Rb7 fxe4 22. Nxe4 Nxe4 23. Qxe4 Bf5 24. Qe3 Ne7 25. Qd2 Bc8 26. Ba5 Qe8
27. Ra7 Nf5 28. Nc3 e4 29. Nb5 e3 30. fxe3 Bh6 31. Kh1 Bxe3 32. Qe1 Qe4 33.
Bf3 Qxc4 34. Nxd6 Nxd6 35. Qxe3 Qf1+ 36. Qg1 Rxf3 37. gxf3 Qxf3+ 38. Qg2
Qd1+ 39. Qg1 Qxd5+ 40. Qg2 Qd1+ 41. Qg1 Bb7+ 42. Rxb7 Qxg1+ 43. Kxg1 Nxb7
44. Bc7 Kf7 45. Kf2 Ke6 46. Kf3 Nd6 47. Kf4 c4 48. Ba5 h6 49. Bc3 g5+ 50.
Kg4 Ne4 51. Bg7 c3 0-1

[Event "ch-CHN w"]
[Site "Xinghua CHN"]
[Date "2010.05.29"]
[Round "6"]
[White "Tan Zhongyi"]
[Black "Zhang Xiaowen"]
[Result "0-1"]
[WhiteElo "2464"]
[BlackElo "2426"]
[EventDate "2010.05.24"]

1. d4 Nf6 2. c4 g6 3. Nc3 Bg7 4. e4 d6 5. Nf3 O-O 6. Be2 e5 7. Be3 Ng4 8.
Bg5 f6 9. Bh4 Nd7 10. h3 Nh6 11. O-O c6 12. c5 g5 13. Bg3 dxc5 14. dxe5
fxe5 15. Bc4+ Nf7 16. Bxf7+ Kxf7 17. Qb3+ Kf6 18. Rad1 Qe7 19. Rd2 Kg6 20.
Rfd1 Rxf3 21. gxf3 Nf8 22. Qg8 Be6 23. Rd6 Qf6 24. Bxe5 Qxe5 25. h4 Rd8 26.
f4 gxf4 27. h5+ Kh6 0-1

[Event "ch-CHN w"]
[Site "Xinghua CHN"]
[Date "2010.05.29"]
[Round "6"]
[White "Ju Wenjun"]
[Black "Ding Yixin"]
[Result "1-0"]
[WhiteElo "2500"]
[BlackElo "2327"]
[EventDate "2010.05.24"]

1. d4 Nf6 2. c4 e6 3. g3 Bb4+ 4. Bd2 Bxd2+ 5. Nxd2 d5 6. Ngf3 O-O 7. Bg2 b6
8. O-O Bb7 9. cxd5 exd5 10. b4 c6 11. Ne5 Nbd7 12. Qb3 a5 13. Nxd7 Nxd7 14.
a3 axb4 15. axb4 Qe7 16. e3 Qd6 17. Rfd1 h6 18. e4 dxe4 19. Nxe4 Qe7 20.
Rac1 Rfd8 21. Nd2 Rab8 22. Nc4 Ba8 23. Re1 Qf8 24. Rcd1 Nf6 25. Ne5 Nd5 26.
b5 cxb5 27. Ra1 Nc7 28. Ra7 Qe7 29. Qc2 Rdc8 30. Rc1 Bxg2 31. Kxg2 Qd6 32.
Rxc7 Qd5+ 33. Nf3 Re8 34. Qc6 Qh5 35. Ne5 Rbd8 36. Qf3 1-0

[Event "ch-CHN w"]
[Site "Xinghua CHN"]
[Date "2010.05.29"]
[Round "6"]
[White "Zhang Jilin"]
[Black "Wang Yu A"]
[Result "1/2-1/2"]
[WhiteElo "2280"]
[BlackElo "2337"]
[EventDate "2010.05.24"]

1. e4 e5 2. Bc4 Nf6 3. d3 Be7 4. Nf3 Nc6 5. O-O O-O 6. Re1 d6 7. h3 Na5 8.
Bb3 Nxb3 9. axb3 h6 10. Nc3 a6 11. Be3 Re8 12. d4 exd4 13. Nxd4 c5 14. Nf3
Bf8 15. Bf4 Be6 16. Bg3 d5 17. exd5 Nxd5 18. Nxd5 Qxd5 19. Qxd5 Bxd5 20.
Ne5 Rad8 21. Rad1 Be6 22. Nc4 Bxc4 23. bxc4 Rxe1+ 24. Rxe1 f6 25. b3 Kf7
26. Bf4 Bd6 27. Bxd6 Rxd6 28. Re2 h5 29. g4 hxg4 30. hxg4 Rd4 31. f3 Rd6
1/2-1/2